header

RANBOW MAGIC (Record no. 264114)

MARC details
000 -LEADER
fixed length control field 00348nam a22001577a 4500
003 - CONTROL NUMBER IDENTIFIER
control field OSt
005 - DATE AND TIME OF LATEST TRANSACTION
control field 20240725123859.0
008 - FIXED-LENGTH DATA ELEMENTS--GENERAL INFORMATION
fixed length control field 240725b xxu||||| |||| 00| 0 eng d
020 ## - INTERNATIONAL STANDARD BOOK NUMBER
International Standard Book Number 9780545484855
040 ## - CATALOGING SOURCE
Transcribing agency M507
100 ## - MAIN ENTRY--PERSONAL NAME
Personal name DAISY MEADOWS
245 ## - TITLE STATEMENT
Title RANBOW MAGIC
260 ## - PUBLICATION, DISTRIBUTION, ETC. (IMPRINT)
Place of publication, distribution, etc U.S.A
Name of publisher, distributor, etc SHOLASTIC
Date of publication, distribution, etc 2012
300 ## - PHYSICAL DESCRIPTION
Extent 64P
942 ## - ADDED ENTRY ELEMENTS (KOHA)
Source of classification or shelving scheme Library of Congress Classification
Koha item type Long Loan Books
Holdings
Withdrawn status Lost status Source of classification or shelving scheme Damaged status Not for loan Collection code Home library Current library Shelving location Date acquired Total Checkouts Full call number Barcode Date last seen Price effective from Koha item type
    Library of Congress Classification     Fiction Rongo University Library Rongo University Library Children's Area 25/07/2024   PZ7.M5072012 CL20243538 25/07/2024 25/07/2024 Long Loan Books

© 2026 Rongo University
Contact us: librarian | system librarian | Rongo university